000 00942pam a2200301 a 4500
001 1423834
003 ARRUPE
005 20150315020004.0
008 840627s1985 caua b s001 0 eng
010 _a 84008914
020 _a0520053850
040 _aDLC
_cDLC
_dDLC
043 _ad------
050 0 0 _aGN496
_b.H67 1985
082 0 0 _a305.8
_219
100 1 _aHorowitz, Donald L.
_99946
245 1 0 _aEthnic groups in conflict /
_cDonald L. Horowitz.
260 _aBerkeley :
_bUniversity of California Press,
_cc1985.
300 _axiv, 697 p. :
_bill. ;
_c24 cm.
500 _aIncludes index.
504 _aIncludes bibliographical references.
650 0 _aEthnic relations.
_99947
650 0 _aSocial conflict.
_99948
650 0 _aEthnic groups
_xPolitical activity.
_99949
651 0 _aDeveloping countries
_xEthnic relations.
_99950
906 _a7
_bcbc
_corignew
_d1
_eocip
_f19
_gy-gencatlg
942 _2lcc
_cMONOGRAPH
_03
999 _c120430
_d120430